00687nam a2200181Ia 4500003000400000005001700004008004000021040000700061041001200068082001600080100005500096245020100151260006400352300001300416440000700429650005600436651001300492OSt20241010113811.0210210b1999 xxu||||| |||| 00| 0 eng d cAL aKannada aK894.8 NAYD aNAYAKA (Ha Ma), Ed.dನಾಯಕ (ಹಾ ಮಾ). a D V G Krati shreni. Samputa 10 : Kavya -2, Bidi barahagalu.bಡಿವಿಜಿ ಕೃತಿ ಶ್ರೇಣಿ ಸಂಪುಟ ೧೦ : ಕಾವ್ಯ -೨, ಬಿಡಿ ಬರಹಗಳು  aBengaluru.bKannada Mattu Samskrathi Nirdeshanalaya.,c1999 axxiv,499 a10 aUmarana Osage Shrirama ParikshanamShrangaramangalam aDi Vi Gi